| 000 | 00814cab a22002055a 4500 | ||
|---|---|---|---|
| 001 | L141451 | ||
| 008 | 071126e20071116xxka f 000 0 eng d | ||
| 035 | _a(Sirsi) u141451 | ||
| 041 | 0 | _aeng | |
| 100 | 1 | _aKennett, Stephen | |
| 245 | 0 | 0 |
_aSpecifier _bsustainability |
| 260 | _c2007 | ||
| 490 | 0 |
_aBuilding _v272(8506) 16 November 2007, 92-100(7) |
|
| 520 | _aLooks at the whole life costs for wind turbines and covers issues such as wind speed and power, specification options, mounting, and standards. Also considers the use of aerated clay blocks as a sustainable alternative to traditional cavity walls. Includes details of sustainable building products. | ||
| 590 | _aKA | ||
| 651 | 4 |
_aUnited Kingdom _y |
|
| 690 | _aBUILT ENVIRONMENT-SUSTAINABLE CONSTRUCTION | ||
| 700 | 1 | _aMayer, Peter | |
| 942 | _n0 | ||
| 999 |
_c79491 _d79491 |
||